Statistics for Most kept Mammal Species in Zoos

Click here to take the quiz!

General Stats

  • This quiz has been taken 167 times
  • The average score is 10 of 20

Answer Stats

ZoosFamilySpecies% Correct
410CatsLion
98%
422CatsTiger
96%
357CamelidsBactrian camel
79%
323HorsesPlains zebra
79%
302CatsLeopard
76%
329BearsBrown bear
75%
437LemursRing-tailed lemur
75%
464CanidsGrey wolf
70%
528MongoosesMeerkat
63%
510KangaroosRed-necked wallaby
62%
229RodentsCapybara
50%
260MusteloidsAsian small-clawed otter
39%
257New World monkeysCotton-top tamarin
24%
511MusteloidsRaccoon
21%
209LemursBlack-and-white ruffed lemur
16%
246RodentsIndian crested porcupine
15%
289New World monkeysCommon marmoset
13%
297RodentsPatagonian mara
7%
430MusteloidsSouth American coati
6%
176ApesLar gibbon
5%

Score Distribution

Percentile by Number Answered

Percent of People with Each Score

Your Score History

You have not taken this quiz